Top 10 Countries from 2013-2023 Eurovision - Statistics

General Stats
  • This quiz has been taken 73 times
  • The average score is 95 of 100
Answer Stats
Hint Answer % Correct
2021-6th | 2023-2nd Finland
100%
2013-7th | 2015-3rd | 2017-6th | +5 others Italy
100%
2014-3rd | 2015-1st | 2016-5th | +5 others Sweden
100%
2013-3rd | 2014-6th | 2016-1st | +3 others Ukraine
100%
2022-2nd United Kingdom
100%
2015-4th | 2016-10th | 2017-4th | 2023-7th Belgium
98%
2016-6th | 2021-2nd France
98%
2013-4th | 2014-8th | 2015-8th | +4 others Norway
98%
2017-1st | 2022-9th Portugal
98%
2013-5th | 2014-7th | 2015-2nd | +3 others Russia
98%
2014-10th | 2022-3rd Spain
98%
2019-4th | 2021-3rd Switzerland
98%
2014-1st | 2018-3rd Austria
97%
2016-4th | 2017-2nd Bulgaria
97%
2015-7th | 2018-8th | 2023-8th Estonia
97%
2013-6th | 2021-10th | 2022-8th Greece
97%
2013-9th | 2014-2nd | 2019-1st Netherlands
95%
2013-1st | 2014-9th | 2018-9th Denmark
94%
2016-9th | 2021-8th Lithuania
94%
2015-10th | 2022-5th Serbia
94%
2018-2nd Cyprus
92%
2018-4th Germany
92%
2015-9th | 2018-1st | 2023-3rd Israel
92%
2016-8th Poland
92%
2015-5th | 2016-2nd | 2017-9th | +2 others Australia
90%
2015-6th Latvia
90%
2018-6th | 2023-10th Czech Republic
89%
2019-10th | 2021-4th Iceland
89%
2017-7th Romania
89%
2013-10th | 2014-5th | 2017-8th Hungary
85%
2017-3rd | 2018-10th | 2022-7th Moldova
85%
2014-4th | 2016-7th Armenia
84%
2013-2nd | 2019-8th Azerbaijan
84%
2013-8th | 2021-7th Malta
84%
2019-7th North Macedonia
81%
No matching quizzes found
Score Distribution
Percent of People with Each Score
Percentile by Number Answered
Your Score History
You have not taken this quiz